Memory Test - Sudden Death (Hard) - Statistics

General Stats
  • This quiz has been taken 20,669 times
  • The average score is 11 of 24
Answers on the Grid
Answers color-coded by a green-red scale on the quiz's grid according to % correct below.
 
Answer Stats
Answer % Correct
47%
47%
47%
47%
47%
47%
47%
46%
46%
46%
46%
46%
46%
46%
46%
46%
46%
46%
46%
46%
45%
45%
45%
45%
No matching quizzes found
Score Distribution
Percent of People with Each Score
Percentile by Number Answered
Your Score History
You have not taken this quiz